000 00409nam a22001457a 4500
020 _qPB.
040 _cFizza Ishaq
082 _a730.09
_bREN
100 _aYvon, Rene.
_9134121
245 _aTreasures from the Shanghai Museum: 6,000 Years of Chinese Art /
_cRene-Yvon.
250 _a1st Ed.
260 _aJapan :
_bAsian Art Museum,
_c1983.
300 _a191 p, ;
_c10.9 x 8.4 x .6 inches
942 _2ddc
_cBK
999 _c617062
_d617062